Statistiques concernant Villes & pays européennes avec plus de 50km de voies de tramway

Cliquez ici pour prendre le quiz!

Statistiques générales

  • Ce quiz a été pris 221 fois
    (219 depuis la dernière actualisation)
  • Le résultat moyen est 39 sur 78

Statistiques - réponses

Longeur/kmVille% Correct
105Paris
98%
190Berlin
94%
181Moscou
87%
79Munich
86%
53.3Lyon
85%
138.9Bruxelles
82%
80.5Amsterdam
78%
205.5Saint-Pétersbourg
78%
170Milan
76%
124Varsovie
76%
131.4Oslo
75%
142.4Prague
75%
55.5Strasbourg
75%
156.9Budapest
74%
141.1Kiev
73%
176.9Vienne
73%
143Bucarest
71%
67.3Francfort-sur-le-Main
71%
58Turin
70%
72.9Zurich
70%
85Cracovie
67%
96Helsinki
66%
75Rotterdam
66%
72Anvers
65%
154Sofia
63%
France
61%
Allemagne
60%
Italie
58%
Espagne
57%
62.8Minsk
57%
Russie
57%
116.3Zagreb
56%
Belgique
55%
Pays-bas
55%
Pologne
55%
78Düsseldorf
54%
105Le Haye
53%
Suéde
53%
Suisse
53%
148.3Leipzig
52%
Ukraine
52%
Autriche
50%
Hongrie
50%
182Riga
50%
Roumanie
50%
Tchèque
50%
Finlande
48%
56Montpellier
48%
Norvége
48%
52.2Gdansk
47%
Bulgarie
45%
132.7Dresde
45%
65.7Bâle
43%
114.6Breme
43%
Croatie
43%
94Göteborg
43%
141Łodz
40%
Biélorussie
37%
70Brno
36%
Lettonie
35%
52.4Essen
32%
65.6Poznan
32%
65.7Donetsk
30%
84Wroclaw
30%
59.8Graz
29%
73.5Lviv
26%
61Mannheim /Ludwigshafen
22%
87.8Dnipro
20%
65.7Ostrava
17%
71.5Karlsruhe
15%
60Szczecin
15%
72De tram de Littoral
7%
141.2Alicante
6%
87.6Halle
6%
93.9Cassel
5%
184Cassel (regioTram)
5%
75.5Ijevsk
1%
72.8Mykolaiv
0%

Distribution des résultats

Percentile par nombre de réponses

% des personnes avec chaque résultat

Votre développement - résultats

Vous n’avez pas pris ce quiz depuis la dernière actualisation